000 00577nam a2200181Ia 4500
008 100917s9999 xx 000 0 und d
082 _b6073
100 _aगुलाबराव महाराज
245 _aअलौकिक व्याख्यानमाला
260 _b---
300 _a173
365 _b2
520 _aअध्यात्म
630 _aअलौकिक व्याख्यानमाला
650 _aअध्यात्म
730 _aअलौकिक व्याख्यानमाला
942 _cBOOK
999 _c611467
_d611464